000 01514nam a22003857a 4500
003 CHAP
005 20220329143809.0
008 110905s2011 mx r 00010 spa d
010 _a102008
011 _a102980
035 _a113669
040 _cCHAP
090 _aTesis
100 1 _aPérez López, Macrina.
_989800
245 1 0 _aResistencia de Leptochloa virgata a glifosato en México
_h[En línea]
_c/por Macrina Pérez López
260 _aChapingo, Méx. :
_bEl autor,
_c2011
500 _aPara ver el contenido del material haga clic en la liga
502 _aTesis (Ing. Agr. Esp. en Parasitología Agrícola) -- UACH. Departamento de Parasitología Agrícola
590 _aALEPH
_b10
_c20130110
_lUCH01
_h1542
590 _aBATCH-UPD
_b10
_c20130110
_lUCH01
_h1100
590 _aBATCH-UPD
_b10
_c20130410
_lUCH01
_h0653
590 _aBATCH-UPD
_b10
_c20130914
_lUCH01
_h1545
590 _aBATCH-UPD
_b10
_c20140324
_lUCH01
_h1527
590 _aBATCH-UPD
_b10
_c20141002
_lUCH01
_h0850
590 _aCONVERSION
_b10
_c20130109
_lUCH01
_h1356
650 1 4 _aGlifosato.
_948283
650 1 4 _aHerbicidas
_xAplicación.
_953692
650 1 4 _aPastos
_xMalas hierbas
_xControl.
_986057
650 1 4 _aPlantación de árboles frutales.
_988783
856 _3Finding aid
_uhttp://10.13.5.2/tesis/113669.pdf
_zTeclea aqui
901 _aBK
942 _cFOLL
949 _aTesis
_bBC
_cTES
_d33724002301611
_eTS1
_gDonaciØn
_h52664
_i113669
_st
949 _aTesis
_bBC
_cTES
_d33724002302389
_eTS2
_fc.2
_gDonaciØn
_h52665
_i113669
_st
999 _c102008
_d102008